どちゃもん名 - Statistics

General Stats
  • This quiz has been taken 38 times
  • The average score is 19 of 51
Answer Stats
Hint Answer % Correct
広島県 ぷうか
75%
栃木県 とちぼるた
64%
徳島県 かさぽんたす
57%
静岡県 ぎゅたあく
57%
北海道 るる
57%
福井県 ほやのん
54%
青森県 かざまのおど
50%
秋田県 こまちまちこ
50%
兵庫県 おくとぱすみれ
50%
宮城県 ぎやみ
50%
福岡県 ちゃっちゃくちゃら
46%
京都府 みやこん
46%
宮崎県 てげてげ
43%
神奈川県 ぷにょら
43%
奈良県 きんしゃか
39%
三重県 にんまる
39%
熊本県 どもっこす
39%
和歌山県 もさく
39%
岐阜県 うぎろう
39%
岩手県 わんこねるら
39%
石川県 けにまぬがあ
36%
大阪府 はまじゅん
36%
愛媛県 みぽんひめ
36%
大分県 おにりぃた
36%
新潟県 こめくるりん
32%
長野県 はくばまる
32%
東京都 あかのやま
32%
東京都 もものうち
32%
群馬県 はにまじん
32%
愛知県 ふぃろそふぃあ
32%
鳥取県 うさきゅう
32%
富山県 ふぁましす
32%
香川県 ぴぴた
32%
山形県 だまちゃだめ
32%
佐賀県 ひがたろう
32%
栃木県 がんぐろう
32%
島根県 ずぶろん
29%
東京都 きのちよ
29%
山梨県 かげむしゃむしゃ
29%
鹿児島県 くろはやとん
29%
沖縄県(先島諸島) ぱんがやしゃーん
29%
茨城県 かっぱろけ
29%
岡山県 ももふぇ
29%
福島県 さすらかすら
29%
高知県 うめたろう
25%
埼玉県 だんきち
25%
滋賀県 よしばっば
25%
山口県 ふくぺらぶう
25%
長崎県 ぴぱざえもん
21%
沖縄県(本島) ちるとてーく
21%
千葉県 しーびー282
21%
No matching quizzes found
Score Distribution
Percent of People with Each Score
Percentile by Number Answered
Your Score History
You have not taken this quiz